过度教育 (Record no. 65153)

000 -LEADER
fixed length control field 00514nam a22001937a 4500
003 - CONTROL NUMBER IDENTIFIER
control field MPLRDC
005 - DATE AND TIME OF LATEST TRANSACTION
control field 20220104193338.0
008 - FIXED-LENGTH DATA ELEMENTS--GENERAL INFORMATION
fixed length control field 210129b ||||| |||| 00| 0 eng d
020 ## - INTERNATIONAL STANDARD BOOK NUMBER
International Standard Book Number 978-986-5896-52-2
082 ## - DEWEY DECIMAL CLASSIFICATION NUMBER
Classification number 784.28 RAP
100 ## - MAIN ENTRY--PERSONAL NAME
Personal name CELINE RAPHAEL
245 ## - TITLE STATEMENT
Title 过度教育
Statement of responsibility, etc. 黄琪雯 译
250 ## - EDITION STATEMENT
Edition statement 初版四刷
260 ## - PUBLICATION, DISTRIBUTION, ETC.
Place of publication, distribution, etc. 台湾
Name of publisher, distributor, etc. 宝瓶文化事业有限公司
Date of publication, distribution, etc. 2013
300 ## - PHYSICAL DESCRIPTION
Other physical details
490 ## - SERIES STATEMENT
Series statement VISION: 111
650 ## - SUBJECT ADDED ENTRY--TOPICAL TERM
Topical term or geographic name entry element 法国人物传记--CELINE RAPHAEL
942 ## - ADDED ENTRY ELEMENTS (KOHA)
Koha item type Book
-- 784.28 RAP
Holdings
Withdrawn status Lost status Source of classification or shelving scheme Damaged status Not for loan Collection code Home library Current library Shelving location Date acquired Cost, normal purchase price Total Checkouts Full call number Barcode Date last seen Date last checked out Price effective from Koha item type Public note
            Malaysian Public Library, Research and Development Centre Malaysian Public Library, Research and Development Centre   29/03/2014 42.90   784.28 RAP 00059168 18/03/2021 03/11/2017 18/03/2021 Book mplrdc

© 2022. Malaysian Public Library, Research and Development Centre. All Right ReservedE-mailmplrdc@help.edu.my 

Powered by Koha